00414 2200157 4500001002100000008004100021035002000062245006500082100001700147260002500164084001700189082001100206990001300217990001300230990001300243INLIS000000000002617 ind  a0010-1025000096 aThe Things You Can See Only When You Slow DowncHaemin Sunim aHaemin Sunim bGrafika Mardi Yuana, a153.85 HAE t a153.85 a0054/NFI a0054/NFI a0054/NFI